Les attaques Pokémon multicoups - Statistiques

Statistiques générales
  • Ce quiz a été pris 58 fois
  • Le résultat moyen est 17 sur 32
Statistiques - réponses
Puissance Nb coups Précision Réponse % Correct
PLANTE
25
PLANTE
2-5
PLANTE
100%
PLANTE
Balle Graine
81%
GLACE
25
GLACE
2-5
GLACE
100%
GLACE
Stalagtite
77%
ROCHE
25
ROCHE
2-5
ROCHE
90%
ROCHE
Boule Roc
77%
40 2 90% Double Baffe
77%
20 (initial) 3 90% (chaque coup) Triple Axel
74%
COMBAT
30
COMBAT
2
COMBAT
100%
COMBAT
Double Pied
70%
18 2-5 80% Combo-Griffe
67%
INSECTE
25
INSECTE
2-5
INSECTE
95%
INSECTE
Dard-Nuée
67%
15 2-5 100% Sheauriken
67%
10 (initial) 3 90% (chaque coup) Triple Pied
67%
15 2-5 85% Torgnoles
65%
VOL
40
VOL
2
VOL
90%
VOL
Double Volée
63%
20 10 90% (chaque coup) Prolifération
60%
TENEBRES
Variable
ACIER
Variable (max 6)
TENEBRES
100%
TENEBRES
Baston
58%
15 2-5 100% Cogne
53%
25 2-5 85% Plumo-Queue
53%
DRAGON
50
DRAGON
2
DRAGON
100%
DRAGON
Draco-Flèches
51%
NORMAL
35
NORMAL
2
NORMAL
90%
NORMAL
Coup Double
51%
25 2 100% Double-Dard
49%
SOL
50
SOL
2
SOL
90%
SOL
Osmerang
47%
50 2 85% Lancécrou
47%
25 2-5 90% Rafale Écailles
44%
25 3 100% Torrent de Coups
42%
ACIER
60
ACIER
2
ACIER
100%
ACIER
Écrous d'Poing
37%
EAU
30
EAU
3
EAU
90%
EAU
Triple Plongeon
33%
15 2-5 85% Furie
33%
50 2 Lame Tachyonique
33%
25 2-5 90% Charge-Os
28%
PSY
40
PSY
2
PSY
100%
PSY
Double Laser
28%
20 2-5 100% Picanon
28%
18 2-5 85% Poing Comète
28%
15 2-5 85% Pilonnage
26%
Aucun quiz correspondant
Distribution des résultats
% des personnes avec chaque résultat
Percentile par nombre de réponses
Votre historique - résultats
Vous n’avez pas pris ce quiz